000 00600nam a22001817a 4500
003 OSt
005 20140310182522.0
008 130810t xxu||||| |||| 00| 0 eng d
020 _a9789718686317
050 _aPN 4748
_b.In62 2001
110 _aPhilippine Center for Investigative Journalism.
_99380
245 _aInvestigating local governments :
_ba manual for reporters /
_cedited by Cecile C. A. Balgos.
300 _a275 p. ;
_bill. ;
_c23 cm.
650 _aLocal Government
_xPhilippines
_99381
650 _aInvestigative reporting
_xPhilippines
_99382
942 _2lcc
_cSSLC
999 _c14035
_d14035